| Поле | Инд. | ПП | Название | Значение |
|---|---|---|---|---|
| Тип записи | a | |||
| Библиографический уровень | b | |||
| 001 | Контрольный номер | RU/IS/BASE/358874824 | ||
| 005 | Дата корректировки | 20200522191450.5 | ||
| 008 | Кодируемые данные | 20110516 | ||
| 040 | b | Код языка каталог. | rus | |
| e | Правила каталог. | PSBO | ||
| 041 | 0_ | a | Код языка текста | rus |
| 084 | a | Индекс другой классификации/Индекс ББК | 83.3(2=411.2)6 | |
| 100 | 1_ | a | Автор | Сурикова О. А. |
| q | Полное имя | Сурикова Ольга Александровна | ||
| 245 | 10 | a | Заглавие | Судьба наследия Николая Гумилева в 1960 - 1980-е гг. |
| 504 | a | Библиография | Библиогр.: с. 119 - 120 | |
| 520 | 0_ | a | Аннотация | Начиная в 1920-х гг. стихи Николая Гумилева практически не появлялись в официальной печати, но активно ходили в самиздате; за хранение и распространение этих текстов могли подвергать преследованиям. В данной статье представлена попытка восстановить историю неподцензурного бытования литературного наследия Гумилева в 1960 - 1980-е гг. |
| 600 | 14 | a | Персоналии | Гумилев Николай Степанович |
| 650 | 14 | a | Основная рубрика | история литературы |
| a | Основная рубрика | литературоведение | ||
| a | Основная рубрика | филологические науки | ||
| 653 | 1_ | a | Ключевые слова | хрущевская "оттепель" |
| a | Ключевые слова | XX век | ||
| a | Ключевые слова | диссидентство | ||
| a | Ключевые слова | литературное наследие | ||
| a | Ключевые слова | перестройка | ||
| a | Ключевые слова | поэзия | ||
| a | Ключевые слова | Россия | ||
| a | Ключевые слова | самиздат | ||
| a | Ключевые слова | СССР | ||
| a | Ключевые слова | цензура | ||
| 773 | 08 | t | Заглавие источника | Вестник Московского университета. Серия 9, Филология |
| d | Дата издания источника | 2010 | ||
| g | Прочая информация | № 5. - С. 111 - 120 | ||
| w | Контрольный № источника | RU/IS/BASE/354127374 | ||
| 901 | t | Тип документа | b |